00751 2200265 4500001002100000005001500021035002000036007000300056008004100059020002200100082001400122084002000136245005800156250001000214300002800224700002300252700002300275264004300298336002100341337003000362338002300392100003000415650002800445990001200473INLIS00000000000007720230711115158 a0010-0723000053ta230711 0  a978-602-6946-43-0 a621.312 1 a621.312 1 HEN m1 aMesin listrik generator arus searah /cHenny Sutrisno acet 1 a76 hlm :bilus ;c23 cm0 aWinih WePengarang0 aWardoyoePengarang aKlaten :bSaka Mitra Kompetensi,c2011 2rdacontentateks 2rdamediaatanpa perantara 2rdacarrieravolume0 aHenny SutrisnoePengarang 4aMesin Listrik Generator a17.0102